Sports Quiz

Random Sports or NFL Quiz

2009 NFL Scoring Leaders Quiz Stats

 Plays Quiz not verified by Sporcle

Challenge
Share
Tweet
Embed
Score 0/50 Timer 08:00
0 Plays Today
Position Player % Correct
RBChris Johnson
96.3%
WRAndre Johnson
96.3%
RBThomas Jones
94.2%
WRRandy Moss
92.1%
RBAdrian Peterson
91.7%
WRDeSean Jackson
88.4%
WRVincent Jackson
88.4%
RBRicky Williams
86.3%
RBDeAngelo Williams
86.3%
RBLaDainian Tomlinson
85.5%
WRSidney Rice
83.4%
RBRay Rice
83.4%
TEAntonio Gates
80.9%
WRSteve Smith
80.9%
RBMaurice Jones-Drew
79.3%
WRReggie Wayne
78.8%
RBReggie Bush
77.6%
WRLarry Fitzgerald
75.9%
RBRonnie Brown
73.9%
TEDallas Clark
73.4%
WRRoddy White
73%
RBFrank Gore
72.6%
WRMarques Colston
71.8%
TEVernon Davis
71%
RBMichael Turner
70.1%
Position Player % Correct
RBMarion Barber
70.1%
WRChad Ochocinco
69.7%
WRMiles Austin
69.3%
RBRyan Grant
69.3%
RBJoseph Addai
68.9%
RBPierre Thomas
68.5%
RBRashard Mendenhall
66%
RBJohnathan Stewart
63.9%
WRBrandon Marshall
62.2%
RBWillis McGahee
61.4%
RBJamaal Charles
57.3%
TEVisanthe Shiancoe
52.3%
RBTim Hightower
50.2%
WRPercy Harvin
49%
RBAhmad Bradshaw
49%
RBKnowshon Moreno
48.5%
TEBrent Celek
48.1%
RBDarren Sproles
47.3%
RBLaurence Maroney
45.2%
WRAustin Collie
45.2%
WRLee Evans
41.5%
WRRobert Meachem
39.8%
TEGreg Olsen
33.6%
TEJohn Carlson
20.7%
WRPatrick Crayton
14.5%

You're not logged in!

Compare scores with friends on all Sporcle quizzes.
OR
Log In

You Might Also Like...

Show Comments

Extras

Top Quizzes Today


Score Distribution

Your Account Isn't Verified!

In order to create a playlist on Sporcle, you need to verify the email address you used during registration. Go to your Sporcle Settings to finish the process.

Report this User

Report this user for behavior that violates our Community Guidelines.

Details: